Responses for Show #563 - Wednesday, February 4, 1987

Contestants

[<< previous game]

Maggie Moe, a law clerk and student from Los Angeles, California

Charlie Orlowek, a marketing consultant from Chicago, Illinois

Joel Nathanson, a dentist from Baltimore, Maryland (whose 1-day cash winnings total $7,401)

[next game >>]

Jeopardy! Round responses

U.S. LANDMARKS
"MORNING" SONGS
GAMES
ANIMAL NOISES
TECHNOLOGY
NUTS
    $100 2
Abraham Lincoln

Joel
    $100 1
"Oh, What a Beautiful Morning"

Charlie
    $100 23
May I

Joel
    $100 18
(Charlie: What is Yucatan?)

Baja

JoelCharlie
    $100 7
lying

Maggie
    $100 8
Georgia

Charlie
    $200 9
(Maggie: What is Jellystone Park?)

Mount Rushmore

JoelMaggie
    $200 3
"Touch Me in the Morning"

Joel
    $200 24
Ghost

Maggie
    $200 19
gobble it up

Charlie
    $200 10
abacus

Charlie
    $200 14
pecan

Maggie
    $300 12
Fort McHenry

Charlie
    $300 4
"The Morning After"

Joel
    $500 25
stone, paper, scissors

Maggie
    $300 20
woofer and tweeters

Charlie
    $300 11
(Charlie: What is mureatic?)

sulfuric

Charlie
Triple Stumper
    $300 15
chestnuts

Charlie
    $400 13
(Joel: What is Lexington?)

Concord

JoelMaggie
    $400 5
"Morning Train"

Joel
    $400 27
[The end-of-round signal sounds.]

tennis

Maggie
    $400 21
Mu

Triple Stumper
    $400 17
English walnut

Triple Stumper
    $500 16
Wall Street

Charlie
    $500 6
"The Morning Side of the Mountain"

Triple Stumper
    $500 22
(Joel: What is a veternarian or horse doctor?)
(Charlie: What is a professor or an academic?)

quack

JoelCharlie
Triple Stumper
    $500 26
fruits

Maggie

Scores at the first commercial break (after clue 11):

Joel Charlie Maggie
$1,200 $100 -$100

Scores at the end of the Jeopardy! Round:

Joel Charlie Maggie
$500 $1,100 $2,100

Double Jeopardy! Round responses

PENNSYLVANIA
(Alex: People who were born, lived in or died in Pennsylvania.)
1968
NICKNAMES
FOREIGN WORDS
MACBETH
TV COWBOYS & INDIANS
    $200 9
Margaret Mead

Maggie
    $200 4
Hubert Humphrey

Charlie
    $200 11
Frank Sinatra

Maggie
    $200 18
schlemazel

Triple Stumper
    $200 1
one

Joel
    $200 28
[The end-of-round signal sounds.]

Mingo

Charlie
    $400 10
"Mad" Anthony Wayne

Triple Stumper
    $400 5
Robert Kennedy & Martin Luther King Jr.

Charlie
    $400 12
Napoleon

Maggie
    $400 19
pizza

Triple Stumper
    $400 2
Bette Davis

Joel
    $400 23
O. Henry

Joel
    $600 16
Fulton

Joel
    $600 6
Oliver!

Triple Stumper
    $600 13
Barrymore

Maggie
    $1,000 25
(Alex: The music of course is Stranger in Paradise.)

kismet

Joel
    $600 3
(Joel: What is Cawdor?)

Glamis

JoelCharlie
    $600 24
Cheyenne

Triple Stumper
    $800 17
George S. Kaufman

Triple Stumper
    $800 7
Soviet invasion of Czechoslovakia

Charlie
    $800 14
Leo Durocher

Charlie
    $800 26
denouement

Joel
    $800 20
Hampton Court

Triple Stumper
    $1000 21
Joseph Priestley

Triple Stumper
    $1000 8
Averell Harriman

Joel
    $1000 15
Lauren Bacall

Triple Stumper
    $1000 27
putsch

Maggie
    $1000 22
the Scottish play

Triple Stumper

Scores at the end of the Double Jeopardy! Round:

Joel Charlie Maggie
$4,300 $4,100 $4,500

[wagering suggestions for these scores]

Final Jeopardy! Round responses

THE OSCARS
CharlieWhat is The Ugly American?
$4,100
JoelWhat is A Streetcar Named Desire?
$4,300
MaggieWhat is Street Car Name Desire?
$4,100
A Streetcar Named Desire

Final scores:

Joel Charlie Maggie
$8,600 $0 $8,600
2-day co-champion: $16,001 2nd place: Dresher brass bed and Dakotah bedroom ensemble New co-champion: $8,600

Game dynamics:

Coryat scores:

Joel Charlie Maggie
$3,900 $4,100 $4,300
14 R
(including 1 DD),
3 W
14 R,
3 W
12 R
(including 1 DD),
1 W

Combined Coryat: $12,300

[game clues] [game scores] [suggest correction]

Game tape date: 1986-11-05
The J! Archive is created by fans, for fans. Scraping, republication, monetization, and malicious use prohibited; this site may use cookies and collect identifying information. See terms. The Jeopardy! game show and all elements thereof, including but not limited to copyright and trademark thereto, are the property of Jeopardy Productions, Inc. and are protected under law. This website is not affiliated with, sponsored by, or operated by Jeopardy Productions, Inc. Join the discussion at JBoard.tv.